书目信息 |
| 题名: |
新日语能力考试考前对策
|
|
| 作者: | 佐佐木仁子 , 松本纪子 著 | |
| 分册: | N3读解 | |
| 出版信息: | 北京 世界图书出版公司北京公司 2011.06 |
|
| 页数: | 106页 | |
| 开本: | 26cm | |
| 丛书名: | ||
| 单 册: | ||
| 中图分类: | H369.4 | |
| 科图分类: | ||
| 主题词: | 日语--阅读教学--水平考试--自学参考资料 | |
| 电子资源: | ||
| ISBN: | 978-7-5100-3498-5 | |
| 000 | 01006nam0 2200277 450 | |
| 001 | 0100140546 | |
| 005 | 20141020221314.0 | |
| 010 | @a978-7-5100-3498-5@dCNY19.80 | |
| 100 | @a20110728d2011 em y0chiy50 ea | |
| 101 | 0 | @achi@ajpn |
| 101 | 11 | @achi |
| 102 | @aCN@b110000 | |
| 105 | @aa z 000yy | |
| 106 | @ar | |
| 200 | 1 | @a新日语能力考试考前对策@Axin ri yu neng li kao shi kao qian dui ce@iN3读解@b专著@f佐佐木仁子,(日)松本纪子著@Fzuo zuo mu ren zi ( ri ) song ben ji zi zhu |
| 210 | @a北京@c世界图书出版公司北京公司@d2011.06 | |
| 215 | @a106页@c图@d26cm | |
| 330 | @a本书不仅提高信息检索和内容理解等方面的读解能力,还针对作为理解文章的基础的语法要点加以解说,对较难的句子附有英语、汉语、韩语的译文。 | |
| 540 | @a新日语能力考试考前对策 | |
| 606 | 0 | @a日语@x阅读教学@x水平考试@j自学参考资料 |
| 690 | @aH369.4@v5 | |
| 701 | 0 | @a佐佐木仁子@Azuo zuo mu ren zi@4著 |
| 701 | 1 | @a松本纪子@Asong ben ji zi@4著 |
| 801 | @aCN | |
| 901 | @a001 | |
| 905 | @b1103416-8@dH369.4@eZ994@f3@a241430 | |
| 新日语能力考试考前对策.N3读解/佐佐木仁子,(日)松本纪子著.-北京:世界图书出版公司北京公司,2011.06 |
| 106页:图;26cm |
| ISBN 978-7-5100-3498-5:CNY19.80 |
| 本书不仅提高信息检索和内容理解等方面的读解能力,还针对作为理解文章的基础的语法要点加以解说,对较难的句子附有英语、汉语、韩语的译文。 |
| ● |
| 相关链接 |
|
|
|
正题名:新日语能力考试考前对策
索取号:H369.4/Z994
 
预约/预借
| 序号 | 登录号 | 条形码 | 馆藏地/架位号 | 状态 | 备注 |
| 1 | 1103416 | 211034165 | 语言库209/209语言库 131排2列3层/ [索取号:H369.4/Z994] | 在馆 | |
| 2 | 1103417 | 211034174 | 语言库209/209语言库 131排2列3层/ [索取号:H369.4/Z994] | 在馆 | |
| 3 | 1103418 | 211034183 | 语言库209/209语言库 131排2列3层/ [索取号:H369.4/Z994] | 在馆 |